Sobre un filamento espiral perinuclear de las fibras musculares estriadas / (Record no. 75068)
[ view plain ]
| 000 -LEADER | |
|---|---|
| campo de control de longitud fija | 00433nam a2200145 i 4500 |
| 001 - NÚMERO DE CONTROL | |
| campo de control | 75068 |
| 003 - IDENTIFICADOR DE NÚMERO DE CONTROL | |
| campo de control | ES-MaACL |
| 005 - FECHA Y HORA DE LA ÚLTIMA TRANSACCIÓN | |
| campo de control | 20230906172329.0 |
| 007 - CAMPO FIJO DE DESCRIPCIÓN FÍSICA--INFORMACIÓN GENERAL | |
| campo de control de longitud fija | t| |
| 008 - DATOS DE LONGITUD FIJA--INFORMACIÓN GENERAL | |
| campo de control de longitud fija | 040922s1922 sp ||||1| spa d |
| 100 1# - ENTRADA PRINCIPAL--NOMBRE DE PERSONA | |
| Nombre de persona | Gorriz, Mariano. |
| 9 (RLIN) | 59226 |
| 245 10 - MENCIÓN DEL TÍTULO | |
| Título | Sobre un filamento espiral perinuclear de las fibras musculares estriadas / |
| Mención de responsabilidad, etc. | Mariano Gorriz. |
| 260 ## - PUBLICACIÓN, DISTRIBUCIÓN, ETC. | |
| Lugar de publicación, distribución, etc. | Madrid : |
| Nombre del editor, distribuidor, etc. | Antonio G. Izquierdo, |
| Fecha de publicación, distribución, etc. | 1922. |
| 852 ## - LOCALIZACIÓN | |
| Ubicación | ES-MaACL |
| Número de control de estantería | 1643-F-7 |
| Estatus retirado | Estado de pérdida | Estado de daño | No para préstamo | Colección | Biblioteca de origen | Biblioteca actual | Ubicación en estantería | Fecha de adquisición | Fuente de adquisición | Total de préstamos | Signatura topográfica completa | Código de barras | Visto por última vez | Precio de reemplazo | Tipo de ítem Koha |
|---|---|---|---|---|---|---|---|---|---|---|---|---|---|---|---|
| Colección de folletos | Biblioteca del Ateneo de Madrid | Biblioteca del Ateneo de Madrid | Depósito folletos | 17/01/2008 | 1643-F-7 | 1078574 | 23/02/2023 | 23/02/2023 | Folleto |
